Quizzes
Events
Quiz Creation
Community
Videos
Private Events
Remove Ads
Sign In
Join for FREE
Feedback
Dark Mode
Quiz Categories
Sports
Geography
Music
Movies
Television
Just For Fun
Miscellaneous
History
Literature
Language
Science
Gaming
Entertainment
Religion
Holiday
For Kids
Quiz Lab
Recent
Popular Today
Quiz Kudos Today
Editor Picks
Curator Picks
Quizzes by...
Day
Popularity
Type
Ratings
Length
Year
Community
Subscriptions
Recent Discussions
Orange Saloon
Badges
Playlists
Quests
Create
Leaderboards
Showdown
Live 5
Trivia Bingo
Activity
Puzzle Library
Sporcle Events
Private Events
Virtual Trivia
Globe League
Become a Host
Pub Owners
SporcleCon
Opinionation
Our Games
Videos
Blog
Mobile Apps
Partnerships
Remove Ads and Go Orange
Feedback
Entertainment
Celebrity
Famous
Musical
Broadway
Show
Quote
Comic Books
Anime
Superhero
DC Comics
Marvel
Cartoons
Animation
Entertainment
Celebrity
Famous
Musical
Broadway
Show
Quote
Comic Books
Anime
Superhero
DC Comics
Marvel
Cartoons
Animation
Random Quiz
Search Sporcle
×
Quiz Lab
Quiz Lab
Entertainment
Spider-Man
Type in answers that appear in a list
Type in answers that appear in a list
Classic
Best Score? Go Orange.
Many foes of ... Spider-Man Stats
Can you name the Many foes of Spider-Man?
By
Sunta
15m
50 Questions
84 Plays
84 Plays
84 Plays
Comments
Comments
Give Quiz Kudos
Give Quiz Kudos
-
- Ratings
hide this ad
Replay
Link that replays current quiz
Next Quiz
Link to next quiz in quiz playlist
You Got
0%
They Got
Avg Score
61%
Avg Friend Score
Upgrade to see
Score Distribution
Jump to the score distribution portion of the page
Score
0/50
Timer
15:00
0
Plays Today
Hint
Answer
% Correct
An alien symbiot that fused with Spider-
Man's former co-
worker
Venom
100%
Owner of OSCORP, Spiderman's arch nemesis
Green Goblin
97.6%
Former electrician, he got his powers after accident
Electro
88.1%
After escaping prison, he ran into nuclear testing site and got his powers
Sandman
88.1%
After loosing an arm, he became obsessed with regeneration which eventually turned him into monster
Lizard
88.1%
An avian foe and second villain Spider-
Man fought
Vulture
86.9%
Venom's more violent offspring
Carnage
85.7%
A scientist whose failed experiment turned him into vampire
Morbius
83.3%
A mobster whose body is almost fully composed of muscle
Kingpin
83.3%
A special effects wizard
Mysterio
82.1%
Managed to posses Spider-
Man's body, becoming Superior Spider-
Man
Doctor Octopus
82.1%
A mobster with adamantium implant in his head
Hammerhead
81%
Master of impersonation, first Spider-
Man's foe
Chameleon
81%
Mary Jane's boss, he retired after successful crime carrier
Hobgoblin
78.6%
Got his powers after Spider-
Man kicked him into water during nuclear experiment
Hydro-Man
78.6%
A female burglar and occasional ally of Spider-
Man
Black Cat
78.6%
Russian criminal whose armor got permanently attached to him
Rhino
77.4%
Chameleon's cousin, he likes to kill his prey with bare hands
Kraven the Hunter
76.2%
Spider-
Man's 'least ambitious' villain, he is often called Vibrator by him
Shocker
75%
Albino mobster with increased strength
Tombstone
70.2%
Initially hired to hunt Spider-
Man, he got super powers and became insane
Scorpion
69%
Cloning expert, blamed Spider-
Man for death of Gwen Stacy
Jackal
67.9%
Former assistant of Spencer Smythe, he is covered in gold
Molten Man
66.7%
Brilliant engineer, he created suits and gadgets for plenty of villains
Tinkerer
64.3%
J Jonah Jameson's son
Man Wolf
59.5%
Hint
Answer
% Correct
Cyber mobster who initially wanted to restore his youth
Silvermane
57.1%
A girlfriend of Carnage who can manipulate sound
Shriek
54.8%
Lasso swinging member of Enforcers
Montana
52.4%
Creator of Spider Slayers
Spencer Smythe
51.2%
Brutish member of Enforcers
Ox
51.2%
A vampire from another dimension who managed to kill Spider-
Man
Morlun
51.2%
First clone of Spider-
Man ever created
Kaine
50%
A voodoo priestess and Kraven's ally
Calypso
50%
Former aircraft mechanic who got tired of his job and started crime career
Beetle
50%
Handicapped young scientist who blamed Spider-
Man for death of his father, he eventually became cyborg
Alistair Smythe
48.8%
Can create cyclones by running
Speed Demon
47.6%
Karate master member of Enforcers
Fancy Dan
46.4%
First villain name used by Jason Macendale
Jack O' Lantern
45.2%
A mobster with split personality, which he isn't aware of
Mister Negative
45.2%
Got his powers after trying to mimic Cloak's abilities
Spot
41.7%
A patriotic enforcer for country of Delvadia
Tarantula
38.1%
Can kill anything that he touches
Carrion
38.1%
Native American who got his powers because he wanted to protect his tribe
Puma
38.1%
Wanted to kill Spider-
Man to impress Kingpin and gain employment, was a member of many villainous team-
ups
Boomerang
38.1%
Worked for Baron Zemo before becoming Spider-
Man's foe, he is a cannibal
Vermin
36.9%
He believes that he got his powers from meteor, which he always carries with him
Looter
35.7%
Former fighter who wanted revenge on J Jonah Jameson after he badmouthed him
Grizzly
32.1%
Has the ability to revive dead people and to shoot electric blasts
Black Tarantula
27.4%
Has the power to adjust his density
Will O' the Wisp
26.2%
Former lab partner of Norman Osborne, he became cyborg later
Robot Master
25%
Quiz Playlist
Details
Report
Send in Message
Add To Playlist
Classic:
Type in answers that appear in a list
Last Updated: Feb 5, 2018
Quiz Scoreboard
CHALLENGE
Sign Up to Join the Scoreboard
Show All
Scores
Hide
Comments
May contain spoilers
Recently Published
Billboard Blitz: Fleetwood Mac
by CooCooCachoo
Music
15s
Presidents Visiting Landmarks
by Hejman
History
7m
An Introduction to Baseball
by treessimontrees
Sports
5m
More to Explore
Quiz From the Vault
Featured Blog Post
Where Did the Easter Bunny Come From?
hide this ad
You Might Also Like...
Tags
foe
Spider-Man
Today's Top Quizzes in Entertainment
Browse Entertainment
hide this ad
Today's Top Quizzes in Spider-Man
Browse Spider-Man
Top Contributed Quizzes in Entertainment
1
7-to-1: DC Comics Villains
2
Marvel Characters Bunker
3
Eurovision 2023 Logic Puzzle
4
Kamen Rider Motifs
5
Dragon Ball Z: Goku's Fights in Order
6
Criteria Quickie: Cartoon Taxonomy II
7
Sorting Pictures: Villains
8
Fictional Villains Letter U Blitz
9
Dragon Ball Z: Mega Character Search
10
Mini Trivia Sudoku: Musicals
Explore More
Trending Topics
Crossword
NBA
Kpop
Marvel
Harry Potter
Disney
Anime
NFL
Puzzle
WWE
Country
Soccer
Song
The Office
Pokémon
hide this ad
More By:
Sunta
Quiz
Plays
Rating
Category
Featured
Created
Formula 1 - Most podiums per team
4,365
4.93
Sports
Jul 16, 2022
Formula 1 champions by their first and last teams
1,934
4.75
Sports
Mar 7, 2022
Formula 1: Over a decade - teams
791
5.00
Sports
Dec 19, 2021
Formula 1 - Most wins per team
777
5.00
Sports
Feb 25, 2022
Formula 1: Over 10 seasons - drivers
623
5.00
Sports
Oct 31, 2022
Go to Creator's Profile
Score Distribution
Quiz Creator Spotlight
Sunta
Follow
Send a Message
Quizzes Created
-
Created Quiz Play Count
-
More By This Creator
Popular Quizzes Today
1
Find the US States - No Outlines Minefield
2
Find the Countries of Europe - No Outlines Minefield
3
The Countries of the World
4
Find the US States
5
Popular People in 1961
6
US States
7
Risky Map Clicking: Biggest States A-Z
8
Movies - When Are They Set?
More Entertainment Quizzes
Crossover Click: Evil Dead
Quiz Lab
Trending Quizzes
Risky Map Clicking: Least Populous States A-Z
1-10 Letter G Words
1-10 Letter F Words
Risky Map Clicking: Next State Alphabetically
Risky Map Clicking: Biggest States A-Z
Recently Updated
Leaping Animals
pecheneg
Reality TV Shows (A-Z)
bhenderson79
Rickey Henderson's Hall of Fame Teammates
pecheneg
Champions League XIs: Arsenal
pecheneg
Quick Pick: Celebrities in WWE's Hall of Fame
aduchscher
A-Z Keypad Blitz II
pecheneg
Multiple Oscar Actors
pecheneg
Mystery Phrase Blitz: Oscar 'Best Actors'
pecheneg
F. Scott Fitzgerald Novels
LTH
Pick 3 Villains
ddd62291
Trending Topics
Kpop
Crossword
Harry Potter
NBA
Disney
Anime
Marvel
Puzzle
NFL
Pokémon
Soccer
Country
WWE
The Office
Song
Your Account Isn't Verified!
In order to create a playlist on Sporcle, you need to verify the email address you used during registration. Go to your
Sporcle Settings
to finish the process.
Report this User
Report this user for behavior that violates our
Community Guidelines
.
Details:
Send Report
Go to the Sporcle.com Mobile Site →
Comments